| 000 | 00403nam a2200157Ia 4500 | ||
|---|---|---|---|
| 008 | 210716s2003 xx 000 0 und d | ||
| 020 | _a8120320069 | ||
| 041 | _aeng | ||
| 082 | _a005.2764 DUTG | ||
| 100 | _aDuthie,G Andrew. | ||
| 245 |
_aMicrosoft asp.net : step by step. _bStep by step. |
||
| 250 | _a1 | ||
| 260 |
_aNew Delhi _bPHI Learning Pvt Ltd _c2003 |
||
| 300 | _axvii,521 | ||
| 650 | _aASP | ||
| 999 |
_c185982 _d185982 |
||